Sarah Kinsley - The King (All lyrics) - Statistics

General Stats
  • This quiz has been taken 7 times
  • The average score is 179 of 200
Answer Stats
Answer % Correct
a
100%
again
100%
and
100%
And
100%
apart
100%
back
100%
be
100%
built
100%
do
100%
end
100%
everything
100%
fall
100%
free
100%
get
100%
hear
100%
heart
100%
I
100%
it
100%
king
100%
let's
100%
Let's
100%
machine
100%
me
100%
of
100%
older,
100%
see
100%
So
100%
still
100%
tell
100%
the
100%
The
100%
then
100%
time
100%
to
100%
To
100%
wanna
100%
was
100%
we
100%
We
100%
when
100%
you
100%
You
100%
young
100%
your
100%
Your
100%
You're
100%
you're
100%
away
75%
been
75%
before
75%
Before
75%
call
75%
castle
75%
dancing
75%
down
75%
ends
75%
exactly
75%
far
75%
feet
75%
hall
75%
how
75%
in
75%
its
75%
it's
75%
just
75%
knew
75%
love
75%
meant
75%
must
75%
never
75%
on
75%
our
75%
over
75%
pavement
75%
phone
75%
rain
75%
said
75%
sand
75%
scared
75%
second
75%
voice
75%
way
75%
were
75%
what
75%
You'll
75%
'Cause
50%
could
50%
fate
50%
hands
50%
head
50%
higher
50%
I'm
50%
know
50%
lose
50%
nothing
50%
start
50%
than
50%
Until
50%
washed
50%
Well,
50%
with
50%
No matching quizzes found
Score Distribution
Percent of People with Each Score
Percentile by Number Answered
Your Score History
You have not taken this quiz